Arvaa valtioiden nimistä puuttuvat kirjaimet 2 - Statistics

Yleistilastot
  • Tätä visaa on pelattu 172 kertaa
  • Keskiarvotulos 7 / 9
Vastaustilastot
Valtio Vastaus % Oikein
S__SA SAKSA
95%
_O_R_J_ NORJA
91%
V___J_ VENÄJÄ
91%
Y__IS__NEET A_A___M_RA_T_T YHDISTYNEET ARABIEMIRAATIT
85%
E__L_-K___A ETELÄ-KOREA
76%
_HI_E CHILE
71%
_EN_A KENIA
65%
_RA__L_A BRASILIA
59%
B__B__O_ BARBADOS
44%
Ehtoja vastaavia visoja ei löytynyt
Tulosjakauma
Jokaisen tuloksen saaneiden osuus
Persentiili vastausten määrän mukaan
Tuloshistoriasi
Et ole pelannut tätä visaa